Principles of management / (Record no. 139201)
[ view plain ]
| 000 -LEADER | |
|---|---|
| fixed length control field | 00652nam a22001937a 4500 |
| 005 - DATE AND TIME OF LATEST TRANSACTION | |
| control field | 20170421151927.0 |
| 010 ## - LCCN (DPL NO) | |
| LC control number | ENG-117924 |
| 020 ## - INTERNATIONAL STANDARD BOOK NUMBER | |
| Terms of availability | 995.00 |
| International Standard Book Number | 9789351868286 |
| 035 ## - SYSTEM CONTROL NUMBER | |
| System control number | EN-101456 |
| 037 ## - SOURCE OF ACQUISITION | |
| Source of stock number/acquisition | DBAD/PUB |
| 100 ## - MAIN ENTRY--PERSONAL NAME | |
| Personal name | Nayak,Keyurkumar M. |
| 245 ## - TITLE STATEMENT | |
| Title | Principles of management / |
| Statement of responsibility, etc | by Keyurkumar M. Nayak [and] Shyamsunder S. Singh |
| 260 ## - PUBLICATION, DISTRIBUTION, ETC. (IMPRINT) | |
| Place of publication, distribution, etc | New Delhi |
| Name of publisher, distributor, etc | Anmol Publications |
| Date of publication, distribution, etc | 2014 |
| 270 ## - ADDRESS | |
| Address | 4360/4,Ansari Road,Daryaganj, |
| City | New Delhi (India) |
| Postal code | 110002 |
| 300 ## - PHYSICAL DESCRIPTION | |
| Extent | ix,191p.; |
| Dimensions | 23cm(Hb) |
| Other physical details | ill. |
| 500 ## - GENERAL NOTE | |
| General note | Includes bibliographical reference and index |
| 700 ## - ADDED ENTRY--PERSONAL NAME | |
| Personal name | Shyamsunder S. Singh |
| 942 ## - ADDED ENTRY ELEMENTS (KOHA) | |
| Source of classification or shelving scheme | Dewey Decimal Classification |
| Item type | English Books |
| Classification part | 658 |
| Call number suffix | NAY |
| Withdrawn status | Lost status | Not for loan | Collection code | Home library | Current library | Date acquired | Source of acquisition | Cost, normal purchase price | Full call number | Barcode | Copy number | Cost, replacement price | Koha item type |
|---|---|---|---|---|---|---|---|---|---|---|---|---|---|
| Non-fiction | Shahdara Branch | Shahdara Branch | 21/04/2017 | DBAD/PUB. | 995.00 | 658 NAY | EN-101456 | 1 | 995.00 | English Books |
